| 000 | 00726nam a2200265Ia 4500 | ||
|---|---|---|---|
| 003 | OSt | ||
| 005 | 20221005025134.0 | ||
| 006 | a|||||r|||| 00| 0 | ||
| 007 | ta | ||
| 008 | 221004b |||||||| |||| 00| 0 eng d | ||
| 024 | _a31333 | ||
| 037 | _cTextual | ||
| 040 |
_aCRL _cCRL _beng |
||
| 041 |
_2eng _aeng |
||
| 082 | _aO15:1B1, 111J8.1 | ||
| 100 | _aValmiki | ||
| 245 | 0 |
_aRamayana _b Translated from the original of Valmiki. V 1 Tr by Makhan Lal Sen |
|
| 250 | _aEd 3 | ||
| 260 |
_aCalcutta _bDirendra Nath Bose _c1958 |
||
| 300 |
_a492p. _ccm. |
||
| 650 | _a SANSKRIT LITERATURE | ||
| 650 |
_aEPIC _9581491 |
||
| 942 |
_hO15:1B1, 111J8.1 _cTEXL _2cc |
||
| 999 |
_c934184 _d934184 |
||